000 00966nam0a2200289 i 4500
001 RU\NLR\bibl\1988339
005 20260601071520.0
010 _a9785222200766
_95000
021 _aRU
_b2012-100135
_97389
035 _a(NLR Aleph) 001976903
090 _a4034733
_c4034733
100 _a20130118d2013 u y0rusy50 ca
101 0 _arus
102 _aRU
105 _aa |||||||||
200 1 _aТак говорила Коко Шанель
210 _aРостов-на-Дону
_cФеникс
_d2013 [т.е. 2012]
215 _a93 с.
_cил.
_d20
300 _aКн. фактически изд. в 2012 г.
600 1 _aШанель
_bК.
_f1883 - 1971
_gКоко
_91844949
_3RU\NLR\auth\66835546
686 _aЩ126.63(4Фр)6-8Шанель
700 1 _4070
_8rus
_7ca
_aШанель
_bК.
_f1883-1971
_gКоко
_3RU\NLR\auth\7713095
_9122798
801 0 _aRU
_bNLR
_c20130118
_gRCR
801 1 _aRU
_bNLR
_c20130118
942 _cBOOK
980 _aNBR